| 000 | 00381nam a2200157Ia 4500 | ||
|---|---|---|---|
| 003 | LK-CoDNM | ||
| 008 | 010623t xxu||||| |||| 00| 1 eng d | ||
| 040 |
_aLK-CoDNM _dLK-CoDNM _eLK-CoDNM |
||
| 041 | _aeng | ||
| 080 | _a294.3 PER | ||
| 100 | _aPerera,L.P.N. | ||
| 245 | _aSexuality and the Woman in Buddhism | ||
| 260 | _bKarunaratna Sons | ||
| 300 | _b26p., 18 cm | ||
| 942 | _cBK | ||
| 999 |
_c135596 _d135596 |
||